书目信息 |
| 题名: |
品牌设计
|
|
| 作者: | ;度本图书 编著 | |
| 分册: | ③ 创造品牌力的动态LOGO设计 | |
| 出版信息: | 北京 中国青年出版社 2013.10 |
|
| 页数: | 251页 | |
| 开本: | 29cm | |
| 丛书名: | ||
| 单 册: | ||
| 中图分类: | J524.4 | |
| 科图分类: | ||
| 主题词: | 品牌--产品形象--设计 , 品牌 , 产品形象 | |
| 电子资源: | ||
| ISBN: | 978-7-5153-1895-0 | |
| 000 | 00872nam0 2200277 450 | |
| 001 | 012013156613 | |
| 005 | 20140609153637.17 | |
| 010 | @a978-7-5153-1895-0@dCNY118.00 | |
| 100 | @a20131012d2013 em y0chiy0110 ea | |
| 101 | 0 | @achi |
| 102 | @aCN@b110000 | |
| 105 | @aa z 000yy | |
| 106 | @ar | |
| 200 | 1 | @a品牌设计@9pin pai she ji@h③@i创造品牌力的动态LOGO设计@f度本图书编著 |
| 210 | @a北京@c中国青年出版社@d2013.10 | |
| 215 | @a251页@c图@d29cm | |
| 305 | @a由著作权人授权 | |
| 330 | @a本书按照行业类别展示了全球最新的动态品牌形象作品。除了作品之外,本书还介绍了作品的创作背景信息、能令读者充分了解设计作品。 | |
| 333 | @a品牌设计人员 | |
| 606 | 0 | @a品牌@x产品形象@x设计 |
| 606 | 0 | @a品牌 |
| 606 | 0 | @a产品形象 |
| 690 | @aJ524.4@v5 | |
| 711 | 02 | @a度本图书@9du ben tu shu@4编著 |
| 801 | 0 | @aCN@b人天书店@c20131012 |
| 905 | @b549830-32@dJ524.4@e348@f3 | |
| 品牌设计.③.创造品牌力的动态LOGO设计/度本图书编著.-北京:中国青年出版社,2013.10 |
| 251页:图;29cm |
| 使用对象:品牌设计人员 |
| ISBN 978-7-5153-1895-0:CNY118.00 |
| 本书按照行业类别展示了全球最新的动态品牌形象作品。除了作品之外,本书还介绍了作品的创作背景信息、能令读者充分了解设计作品。 |
| ● |
| 相关链接 |
|
|
|
|
正题名:品牌设计
索取号:J524.4/348
 
预约/预借
| 序号 | 登录号 | 条形码 | 馆藏地/架位号 | 状态 | 备注 |
| 1 | 549830 | 205498308 | 第一样本阅览室/ [索取号:J524.4/348] | 在馆 | |
| 2 | 549831 | 205498317 | 第一借阅区/ [索取号:J524.4/348] | 在馆 | |
| 3 | 549832 | 205498326 | 密集书库-资源管理系/ [索取号:J524.4/348] | 在馆 |